000 00932nab a22002177a 4500
999 _c6416
_d6416
003 OSt
005 20260202123947.0
008 190429b xxu||||| |||| 00| 0 spa d
040 _cPJ
100 _96551
_aMorabito, Rodrigo
245 1 0 _aAlgunas reflexiones acerca de la tenencia, portación y utilización de armas de fuego por parte de miembros de la justicia /
_cRodrigo Morabito.
260 _cCiudad Autónoma de Buenos Aires :
_aThomson Reuters La Ley,
_b2023.
300 _ap. 103-108
500 _aCita Online: AR/DOC/2132/2023.
505 _tSi te interesa el texto completo, solicitalo a koha@justierradelfuego.gov.ar
650 0 _9343
_aDERECHO PENAL
650 0 _91496
_aFUNCIONARIOS PUBLICOS
650 0 _92794
_aARMA DE FUEGO
773 0 _02658
_93164
_tRevista de derecho penal y criminología. Nº 9 - Octubre 2023
_dCiudad Autónoma de Buenos Aires : Thomson Reuters La Ley, 2017-
_x00347914
942 _2udc
_cANA